Представление документа в формате RUSMARC

ПолеНазваниеЗначение
  Тип записи c
  Библиографический уровень m
001 Контрольный номер RU/УОНБ/EK_N/575117143
005 Дата корректировки 20250520121958.3
100 Данные общей обработки __
a Данные общей обработки 20180323d2011 u y0rusy0189||||ca
101 Язык документа 0_
a Язык текста rus
f Язык титульного листа rus
102 Страна публикации __
a Страна публикации RU
200 Заглавие и сведения об ответственности 1_
a Заглавие Хрестоматия по хоровому дирижированию
b Общее обозначение материала Ноты
e Сведения, относящиеся к заглавию в трех выпусках
e Сведения, относящиеся к заглавию [для однородных и смеш. хоров без сопровожд. и в сопровожд. фп.]
f Первые сведения об ответственности сост. С. Пушечникова, Ю. Игнатьев
210 Выходные данные 1_
a Место издания Москва
c Издательство Музыка
d Дата издания 2011 -
215 Физическое описание __
d Формат 29 см
225 Серия 1_
a Серия Средние музыкальные учебные заведения
686 Индексы других классификаций __
a Классификационный индекс 85
2 Код системы rubbk
702 Вторичная интеллектуальная ответственность _1
a Фамилия Пушечникова
b Имя (инициалы) С.
4 Код отношения 220
702 Вторичная интеллектуальная ответственность _1
a Фамилия Игнатьев
b Имя (инициалы) Ю.
4 Код отношения 220
801 Источник записи _0
a Страна RU
b Организация Ульяновская ОНБ
c Дата составления 20180323
g Правила каталогизации RCR
801 Источник записи _1
a Страна RU
b Организация Ульяновская ОНБ
c Дата составления 20180323
g Правила каталогизации RCR
901 Тип документа __
t Тип документа v
909 Создатель записи __
a Создатель записи Никитина Т. А.